000
00308nam a22001217a 4500
020
_a
978-8197316852
082
_a
811.214.21:338.47 SAC
100
_a
SACHDEV, Himani
245
_a
Social media ke fayade aur nuksan (Hindi)
260
_a
New Delhi
_b
Harvansh Lal & Sons
_c
2024
300
_a
128p.
942
_c
BK
999
_c
75477
_d
75477